[Event "Rated Blitz game"]
[Site "?"]
[Date "2021.04.28"]
[Round "?"]
[White "marakis"]
[Black "Gifroy"]
[Result "1-0"]
[WhiteElo "2427"]
[BlackElo "2411"]
[PlyCount "57"]
[EventDate "2021.??.??"]
[EventType "blitz"]

1. e4 e5 2. Nf3 d5 3. Nxe5 Bd6 4. d4 dxe4 5. Bc4 Bxe5 6. dxe5 Qxd1+ 7. Kxd1 Bf5
8. Nc3 Nc6 9. Bf4 Nge7 10. Bg3 Ng6 11. Re1 Ngxe5 12. Bb5 O-O-O+ 13. Kc1 a6 14.
Bf1 Ng6 15. Nxe4 Bxe4 16. Rxe4 f5 17. Rc4 Rhe8 18. f3 f4 19. Bf2 Nce5 20. Re4
Nf7 21. Rxe8 Rxe8 22. Kd2 Rd8+ 23. Kc3 Nfe5 24. Re1 Nc6 25. Bd3 Nf8 26. Bh4 Nd7
27. Bxd8 Kxd8 28. Bxh7 Nc5 29. b3 {Normal} 1-0

[Event "Rated Blitz game"]
[Site "?"]
[Date "2021.04.28"]
[Round "?"]
[White "supertolchok"]
[Black "Jomajo"]
[Result "0-1"]
[WhiteElo "2437"]
[BlackElo "2643"]
[PlyCount "78"]
[EventDate "2021.??.??"]
[EventType "blitz"]

1. e4 e5 2. Nf3 d5 3. exd5 e4 4. Ng1 Qxd5 5. Nc3 Qe5 6. Bb5+ c6 7. Bc4 b5 8.
Bb3 b4 9. Na4 Nf6 10. Qe2 Bd6 11. d3 Ba6 12. f4 Qe7 13. Bc4 Bxc4 14. dxc4 O-O
15. Be3 Nbd7 16. O-O-O Nb6 17. Rxd6 Qxd6 18. Nc5 Nbd7 19. Nb3 a5 20. Nh3 a4 21.
Nd2 Rfe8 22. g4 Qe6 23. f5 Qe5 24. Bf4 Qc5 25. Be3 Qe5 26. Bf4 Qa5 27. g5 e3
28. Nf3 Ng4 29. Rg1 Qxf5 30. Nd4 Qe4 31. Nf3 Nge5 32. Bxe5 Nxe5 33. Nxe5 Qxe5
34. Rg4 a3 35. c3 axb2+ 36. Kb1 bxc3 37. Qc2 e2 38. Rg1 e1=Q+ 39. Qd1 Q5e4# {
Normal} 0-1

[Event "Rated Blitz game"]
[Site "?"]
[Date "2021.04.28"]
[Round "?"]
[White "randy_segarra"]
[Black "Sulfaremus"]
[Result "1-0"]
[WhiteElo "2536"]
[BlackElo "2557"]
[PlyCount "79"]
[EventDate "2021.??.??"]
[EventType "blitz"]

1. e4 e5 2. Nf3 d5 3. exd5 Nd7 4. c4 Bc5 5. Nc3 Ngf6 6. d3 O-O 7. Be2 h6 8. O-O
c6 9. dxc6 bxc6 10. Be3 Bd6 11. d4 e4 12. Nd2 Re8 13. Qc2 Qe7 14. Rae1 Nf8 15.
f3 Qc7 16. f4 Bf5 17. h3 h5 18. c5 Be7 19. Nc4 Nd5 20. Nxd5 cxd5 21. Ne5 f6 22.
Bxh5 fxe5 23. fxe5 g6 24. Rxf5 gxf5 25. Qf2 Qd7 26. Rf1 Nh7 27. Bxe8 Rxe8 28.
Qxf5 Qxf5 29. Rxf5 Rf8 30. g4 Rf7 31. b4 Kf8 32. a4 Ke8 33. b5 Rxf5 34. gxf5
Bg5 35. Kf2 Bh4+ 36. Ke2 Nf8 37. e6 Bd8 38. Bf4 Ba5 39. Bb8 a6 40. bxa6 {Normal
} 1-0

[Event "Rated Blitz game"]
[Site "?"]
[Date "2021.04.28"]
[Round "?"]
[White "BlackStyle007"]
[Black "magos33"]
[Result "0-1"]
[WhiteElo "2439"]
[BlackElo "2321"]
[PlyCount "51"]
[EventDate "2021.??.??"]
[EventType "blitz"]

1. e4 e5 2. Nf3 d5 3. exd5 e4 4. Nd4 Qxd5 5. Nb3 Nf6 6. Nc3 Qe5 7. Bc4 Bd6 8.
Qe2 O-O 9. d4 exd3 10. Qxe5 Bxe5 11. Bxd3 Nc6 12. O-O Nb4 13. Be3 Nxd3 14. cxd3
Ng4 15. h3 Nxe3 16. fxe3 c6 17. d4 Bf6 18. e4 Rd8 19. e5 Be7 20. Ne4 Be6 21.
Nec5 Bxb3 22. Nxb3 Rd5 23. Rf4 Rad8 24. Raf1 f6 25. exf6 Bxf6 26. Kh1 {Normal}
0-1

[Event "Rated Blitz tournament bCiSAL6G"]
[Site "?"]
[Date "2021.04.28"]
[Round "?"]
[White "zurdo69"]
[Black "RR21"]
[Result "0-1"]
[WhiteElo "2202"]
[BlackElo "2421"]
[PlyCount "36"]
[EventDate "2021.??.??"]
[EventType "blitz"]

1. e4 e5 2. Nf3 d5 3. Nc3 dxe4 4. Nxe4 f5 5. Nc3 e4 6. Ng1 Be6 7. d3 Nf6 8.
dxe4 Qxd1+ 9. Nxd1 Nc6 10. exf5 Bxf5 11. Ne3 Nd4 12. Nxf5 Nxc2+ 13. Kd1 Nxa1
14. f3 O-O-O+ 15. Bd2 Bb4 16. Kc1 Rxd2 17. a3 Rhd8 18. axb4 Rd1# {Normal} 0-1

[Event "Rated Blitz game"]
[Site "?"]
[Date "2021.04.28"]
[Round "?"]
[White "Ali-Farahat"]
[Black "eslamimahdi"]
[Result "1/2-1/2"]
[WhiteElo "2411"]
[BlackElo "2353"]
[PlyCount "168"]
[EventDate "2021.??.??"]
[EventType "blitz"]

1. e4 e5 2. Nf3 d5 3. exd5 e4 4. Qe2 Nf6 5. d3 Qxd5 6. dxe4 Qxe4 7. Be3 Nc6 8.
Nc3 Bb4 9. Bd2 Qxe2+ 10. Bxe2 O-O 11. O-O-O Bg4 12. h3 Be6 13. Bb5 Bxc3 14.
Bxc3 Ne4 15. Be1 Ne7 16. Nd2 Nxd2 17. Bxd2 Rfd8 18. b3 c6 19. Be2 Nf5 20. Ba5
b6 21. Bc3 c5 22. Bf3 Rxd1+ 23. Rxd1 Re8 24. Bc6 Rc8 25. Bb7 Re8 26. g4 Ne7 27.
f4 f6 28. f5 Bf7 29. Rd7 Kf8 30. Kb2 h5 31. Bf3 hxg4 32. hxg4 Nc8 33. b4 Re7
34. Rd8+ Re8 35. Rd2 Ke7 36. bxc5 bxc5 37. Ba5 Nb6 38. Re2+ Kd7 39. Rxe8 Kxe8
40. Kc3 Kd7 41. a3 Kd6 42. Kd3 Nd5 43. c4 Nb6 44. Bxb6 axb6 45. Ke4 g6 46. fxg6
Bxg6+ 47. Kf4 Ke6 48. Bd5+ Ke7 49. Be4 Bf7 50. Bd3 Be6 51. g5 Bd7 52. g6 Kf8
53. Bf5 Kg7 54. Bxd7 Kxg6 55. Bf5+ Kf7 56. Ke4 Ke7 57. Kd5 Kd8 58. Kc6 b5 59.
Kxb5 Kc7 60. Kxc5 Kb7 61. Kd5 Kc7 62. Ke6 Kb6 63. Kxf6 Kc5 64. Kg7 Kxc4 65.
Be6+ Kb5 66. Bb3 Ka5 67. Kf6 Kb5 68. Ke5 Kb6 69. Kd4 Ka7 70. Kc4 Ka6 71. Kb4
Kb6 72. Ka4 Ka6 73. Bc4+ Kb6 74. Kb4 Ka7 75. Kb5 Kb7 76. Bd5+ Kc7 77. a4 Kb8
78. a5 Ka7 79. a6 Kb8 80. Ka5 Ka7 81. Kb5 Kb8 82. Kb6 Kc8 83. Bc6 Kd8 84. a7
Ke7 {Time forfeit} 1/2-1/2

[Event "Rated Blitz game"]
[Site "?"]
[Date "2021.04.28"]
[Round "?"]
[White "UnCroissant"]
[Black "ZhohoFF"]
[Result "0-1"]
[WhiteElo "2549"]
[BlackElo "2539"]
[PlyCount "46"]
[EventDate "2021.??.??"]
[EventType "blitz"]

1. e4 e5 2. Nf3 d5 3. exd5 e4 4. Nd4 Nf6 5. d3 Qxd5 6. dxe4 Qxe4+ 7. Be2 Bc5 8.
Nb3 Bb6 9. O-O O-O 10. Bf3 Qg6 11. Nc3 Nc6 12. Bf4 Bf5 13. Rc1 Rad8 14. Qe2
Rfe8 15. Qc4 Nd4 16. Bxb7 Ne4 17. Nxd4 Rxd4 18. Qc6 Re6 19. Qb5 Nxc3 20. bxc3
Rxf4 21. Rce1 Rxe1 22. Rxe1 h5 23. g3 Rxf2 {Normal} 0-1

[Event "Rated Blitz game"]
[Site "?"]
[Date "2021.04.28"]
[Round "?"]
[White "Valen487"]
[Black "watermonkey009"]
[Result "1-0"]
[WhiteElo "2400"]
[BlackElo "2217"]
[PlyCount "35"]
[EventDate "2021.??.??"]
[EventType "blitz"]

1. e4 e5 2. Nf3 d5 3. Nxe5 Bd6 4. d4 dxe4 5. Bf4 Nd7 6. Nc3 Ngf6 7. Bc4 O-O 8.
Qe2 Nb6 9. Bb3 Bf5 10. O-O c6 11. Rae1 Nbd5 12. Bg5 h6 13. Bxd5 cxd5 14. Bxf6
gxf6 15. Ng4 Kh7 16. Nxd5 Bxh2+ 17. Kxh2 Qxd5 18. Nxf6+ {Normal} 1-0

[Event "Rated Blitz game"]
[Site "?"]
[Date "2021.04.28"]
[Round "?"]
[White "minecraft_storify"]
[Black "vvv21che"]
[Result "1-0"]
[WhiteElo "2484"]
[BlackElo "2331"]
[PlyCount "39"]
[EventDate "2021.??.??"]
[EventType "blitz"]

1. e4 e5 2. Nf3 d5 3. Nxe5 dxe4 4. d4 Nd7 5. Nxd7 Bxd7 6. c4 Nf6 7. Nc3 Bb4 8.
Bg5 h6 9. Bh4 g5 10. Bg3 e3 11. Bd3 exf2+ 12. Bxf2 Ng4 13. O-O Nxf2 14. Rxf2
O-O 15. Qh5 Kg7 16. Raf1 Be8 17. Nd5 f6 18. Qg4 Ba5 19. Qf5 Rh8 20. Nxf6 {
Normal} 1-0

[Event "Rated Blitz game"]
[Site "?"]
[Date "2021.04.28"]
[Round "?"]
[White "Jupiter435"]
[Black "vvv21che"]
[Result "1/2-1/2"]
[WhiteElo "2624"]
[BlackElo "2336"]
[PlyCount "106"]
[EventDate "2021.??.??"]
[EventType "blitz"]

1. e4 e5 2. Nf3 d5 3. exd5 e4 4. Qe2 Be7 5. Qxe4 Nf6 6. Qa4+ c6 7. dxc6 O-O 8.
cxb7 Bxb7 9. Be2 Nbd7 10. O-O Re8 11. Nc3 Bd6 12. d4 Ng4 13. h3 Ngf6 14. Bg5 h6
15. Bh4 a6 16. Rfe1 Qc7 17. Qc4 Qb8 18. Qd3 g5 19. Bg3 Bxg3 20. fxg3 Qxg3 21.
Bf1 g4 22. Ne5 Qxd3 23. Bxd3 gxh3 24. gxh3 Nxe5 25. Rxe5 Rxe5 26. dxe5 Nd7 27.
Re1 Re8 28. e6 fxe6 29. Bg6 Re7 30. Kh2 Kg7 31. Be4 Nf6 32. Bxb7 Rxb7 33. b3
Rc7 34. Re3 Nd5 35. Rg3+ Kf7 36. Nxd5 Rxc2+ 37. Rg2 Rxg2+ 38. Kxg2 exd5 39. Kf3
Ke6 40. Kf4 Kd6 41. b4 Kc6 42. Ke5 Kb5 43. Kxd5 Kxb4 44. Kc6 Ka3 45. Kb6 Kxa2
46. Kxa6 Kb3 47. Kb5 Kc3 48. Kc5 Kd3 49. Kd5 Ke3 50. Ke5 Kf3 51. Kf5 Kg3 52.
Kg6 h5 53. Kxh5 Kxh3 {Normal} 1/2-1/2

[Event "Rated Blitz tournament bCiSAL6G"]
[Site "?"]
[Date "2021.04.28"]
[Round "?"]
[White "Academia_EnrryLara"]
[Black "RR21"]
[Result "0-1"]
[WhiteElo "2218"]
[BlackElo "2435"]
[PlyCount "52"]
[EventDate "2021.??.??"]
[EventType "blitz"]

1. e4 e5 2. Nf3 d5 3. exd5 e4 4. Nd4 Qxd5 5. Nb3 f5 6. Nc3 Qd8 7. Bc4 Nf6 8.
O-O Bd6 9. f3 a5 10. fxe4 a4 11. e5 Bxe5 12. Qe2 Nc6 13. Nc5 Qd4+ 14. Kh1 Qxc5
15. b3 Bd7 16. Nxa4 Qd6 17. c3 O-O-O 18. d4 Bxh2 19. Nc5 Ng4 20. a4 Bg3 21. Rf3
f4 22. Rxg3 Rhe8 23. Qd1 Nf2+ 24. Kg1 Nxd1 25. Rxg7 Re1+ 26. Kh2 Qh6# {Normal}
0-1

[Event "Rated Blitz game"]
[Site "?"]
[Date "2021.04.28"]
[Round "?"]
[White "legend2014"]
[Black "Maltinho"]
[Result "1/2-1/2"]
[WhiteElo "2577"]
[BlackElo "2586"]
[PlyCount "130"]
[EventDate "2021.??.??"]
[EventType "blitz"]

1. e4 e5 2. Nf3 d5 3. Nxe5 Bd6 4. d4 dxe4 5. Bc4 Bxe5 6. dxe5 Qxd1+ 7. Kxd1 Nc6
8. e6 Bxe6 9. Bxe6 fxe6 10. Bf4 O-O-O+ 11. Kc1 Nd4 12. Nc3 Nf6 13. Re1 Rhf8 14.
Bg5 h6 15. Bh4 g5 16. Bg3 Nh5 17. Nxe4 Nxg3 18. hxg3 Rd5 19. c3 Nc6 20. Kc2 Re5
21. f3 g4 22. f4 Rh5 23. Rh1 Rff5 24. Nf2 e5 25. Nxg4 exf4 26. Nxh6 Rxh1 27.
Rxh1 Rg5 28. gxf4 Rxg2+ 29. Kb3 Na5+ 30. Kb4 b6 31. b3 Rxa2 32. f5 Kb7 33. c4
Rb2 34. Rh3 c5+ 35. Ka3 Rf2 36. Nf7 Nc6 37. Nd6+ Ka6 38. b4 cxb4+ 39. Kb3 Nd4+
40. Kxb4 Nxf5 41. Nb5 Rb2+ 42. Kc3 Rg2 43. Rh7 Rg7 44. Rxg7 Nxg7 45. Kb4 Ne6
46. Nd6 Nc5 47. Nb5 Kb7 48. Nd6+ Kc6 49. Nb5 a6 50. Nd4+ Kd6 51. Ne2 Nd7 52.
Nd4 Ke5 53. Nc6+ Kd6 54. Nd4 Ne5 55. Nb3 Nc6+ 56. Kc3 Ke5 57. c5 b5 58. Kd3 Kd5
59. Kc3 Nd8 60. Kb4 Nc6+ 61. Kc3 a5 62. Nxa5 b4+ 63. Kb3 Nxa5+ 64. Kxb4 Nb7 65.
c6 Kxc6 {Normal} 1/2-1/2

[Event "Rated Blitz game"]
[Site "?"]
[Date "2021.04.28"]
[Round "?"]
[White "Ch5ssPlayer"]
[Black "eslamimahdi"]
[Result "0-1"]
[WhiteElo "2435"]
[BlackElo "2358"]
[PlyCount "110"]
[EventDate "2021.??.??"]
[EventType "blitz"]

1. e4 e5 2. Nf3 d5 3. Nxe5 dxe4 4. Bc4 Nh6 5. O-O Bd6 6. d4 exd3 7. Nxd3 Qh4 8.
Qe2+ Kd8 9. Ne5 Re8 10. Bxh6 Rxe5 11. Be3 Rxe3 12. g3 Rxe2 13. gxh4 Rxc2 14.
Nc3 Bh3 15. Rfe1 Nc6 16. Bxf7 Kd7 17. Rad1 Rf8 18. Bd5 Rfxf2 19. Be4 Rxb2 20.
Nd5 Ne5 21. Ne3 Nf3+ 22. Bxf3 Rxf3 23. Nc4 Rg2+ 24. Kh1 Rff2 25. Rd2 Rxh2+ 26.
Kg1 Rxd2 27. Nxd2 Rxd2 28. h5 Rg2+ 29. Kh1 Rg5 30. h6 Bg2+ 31. Kg1 Bc6+ 32. Kf2
gxh6 33. Rd1 h5 34. Ke3 h4 35. Rf1 h3 36. Rf7+ Ke6 37. Rxh7 h2 38. Kd4 h1=Q 39.
Rh6+ Kf5 40. Rxh1 Bxh1 41. a4 Rg2 42. Kc3 Ra2 43. Kc4 Ra1 44. Kb3 Bc6 45. Kc4
Rxa4+ 46. Kb3 Rb4+ 47. Kc3 a5 48. Kc2 a4 49. Kc3 a3 50. Kc2 a2 51. Kc3 a1=Q+
52. Kd2 Qb2+ 53. Kd3 Rc4 54. Ke3 Rc3+ 55. Kd4 Qb4# {Normal} 0-1

[Event "Rated Blitz game"]
[Site "?"]
[Date "2021.04.28"]
[Round "?"]
[White "divergent_twin"]
[Black "Jomajo"]
[Result "0-1"]
[WhiteElo "2474"]
[BlackElo "2639"]
[PlyCount "108"]
[EventDate "2021.??.??"]
[EventType "blitz"]

1. e4 e5 2. Nf3 d5 3. Nxe5 Bd6 4. d4 dxe4 5. Bc4 Bxe5 6. Qh5 Qe7 7. Qxe5 Qxe5
8. dxe5 Nc6 9. Bf4 Nge7 10. Nc3 Ng6 11. Bg3 Ncxe5 12. Bb3 Be6 13. Bxe6 fxe6 14.
O-O-O e3 15. fxe3 O-O 16. h3 a6 17. b3 Rad8 18. Ne4 b6 19. Ng5 Rxd1+ 20. Rxd1
Re8 21. Rd4 h6 22. Re4 hxg5 23. Bxe5 Re7 24. Bg3 Kf7 25. b4 b5 26. Rd4 e5 27.
Rd5 Ke6 28. e4 Rd7 29. Rxd7 Kxd7 30. Kd2 Nf4 31. Bxf4 gxf4 32. Kd3 Ke6 33. c4
c6 34. c5 Kf6 35. Ke2 Kg5 36. Kf2 Kh4 37. Kf3 g6 38. Kf2 Kh5 39. g3 g5 40. Kf3
Kh6 41. Kg4 Kg6 42. h4 gxh4 43. gxh4 Kh6 44. h5 Kh7 45. a3 Kh6 46. Kh4 Kg7 47.
Kg4 Kf6 48. Kh4 Kg7 49. Kg5 Kh7 50. Kg4 Kh6 51. Kh4 f3 52. Kg3 Kxh5 53. Kxf3
Kh4 54. Kg2 Kg4 {Normal} 0-1

[Event "Rated Blitz game"]
[Site "?"]
[Date "2021.04.28"]
[Round "?"]
[White "KoronaVirusMaster"]
[Black "Trompatzer"]
[Result "1-0"]
[WhiteElo "2421"]
[BlackElo "2401"]
[PlyCount "59"]
[EventDate "2021.??.??"]
[EventType "blitz"]

1. e4 e5 2. Nf3 d5 3. exd5 Bd6 4. Bb5+ c6 5. dxc6 Nxc6 6. d4 e4 7. Ne5 Nge7 8.
Nxc6 bxc6 9. Be2 O-O 10. c3 f5 11. f4 Qc7 12. g3 Rb8 13. Nd2 g5 14. Nc4 Bxf4
15. gxf4 gxf4 16. Ne5 Kh8 17. Bc4 Nd5 18. Qh5 Qg7 19. Bxd5 cxd5 20. Bxf4 Rxb2
21. O-O-O Qg2 22. Nf7+ Rxf7 23. Be5+ Kg8 24. Rdg1 Rc2+ 25. Kd1 Rd2+ 26. Ke1 Be6
27. Rxg2+ Rxg2 28. Qh4 Rb7 29. Qd8+ Kf7 30. Qf6+ {Time forfeit} 1-0

[Event "Rated Blitz game"]
[Site "?"]
[Date "2021.04.28"]
[Round "?"]
[White "filolog"]
[Black "Jomajo"]
[Result "1-0"]
[WhiteElo "2655"]
[BlackElo "2629"]
[PlyCount "101"]
[EventDate "2021.??.??"]
[EventType "blitz"]

1. e4 e5 2. Nf3 d5 3. exd5 e4 4. Qe2 Qe7 5. Ng1 Nf6 6. d3 exd3 7. Qxe7+ Bxe7 8.
Bxd3 Nxd5 9. Bd2 O-O 10. Nf3 Nc6 11. c3 Bg4 12. O-O Bxf3 13. gxf3 Rad8 14. Be4
f5 15. Bxd5+ Rxd5 16. Bf4 g5 17. Bc1 Rfd8 18. Re1 Kf7 19. Kf1 f4 20. a4 a5 21.
Na3 Bxa3 22. Rxa3 Ne5 23. c4 Rc5 24. Rb3 b6 25. Rb5 Nxf3 26. Rxc5 bxc5 27. Re4
Rd1+ 28. Ke2 Rxc1 29. Kxf3 Kf6 30. h4 h6 31. hxg5+ hxg5 32. Re8 Rxc4 33. Rc8
Kf5 34. Rf8+ Ke6 35. Rg8 Rxa4 36. Rxg5 Kd6 37. Rg6+ Kd5 38. Rg7 Kc6 39. Rf7 Rb4
40. Rxf4 Rxb2 41. Ke3 Kb5 42. Kd3 a4 43. Kc3 a3 44. Rf8 Rb4 45. Ra8 Ra4 46.
Rxa4 Kxa4 47. f4 c4 48. f5 a2 49. Kb2 a1=Q+ 50. Kxa1 Kb3 51. Kb1 {Normal} 1-0

[Event "Rated Blitz game"]
[Site "?"]
[Date "2021.04.28"]
[Round "?"]
[White "ArdianJashari"]
[Black "Jomajo"]
[Result "0-1"]
[WhiteElo "2535"]
[BlackElo "2649"]
[PlyCount "112"]
[EventDate "2021.??.??"]
[EventType "blitz"]

1. e4 e5 2. Nf3 d5 3. exd5 e4 4. Qe2 Qe7 5. Nd4 Nf6 6. d3 exd3 7. Qxe7+ Bxe7 8.
Bxd3 Nxd5 9. O-O O-O 10. Nf5 Bf6 11. Ne3 Nxe3 12. fxe3 Nc6 13. a3 Ne5 14. Nc3
c6 15. Ne4 Be7 16. Bd2 Rd8 17. Nf2 Be6 18. Bc3 Nc4 19. Bxc4 Bxc4 20. Rfd1 f6
21. a4 Bf7 22. Kf1 Bh5 23. g4 Bg6 24. Nd3 h5 25. Nf4 Bxc2 26. Rxd8+ Rxd8 27.
Nxh5 Kf7 28. Nf4 g5 29. Ne2 Rh8 30. Kg1 Bd6 31. Rf1 Bxh2+ 32. Kf2 Rh6 33. Nd4
Be4 34. Ke2 Be5 35. a5 Rh2+ 36. Rf2 Rxf2+ 37. Kxf2 a6 38. Ne2 Bd6 39. Nd4 Kg6
40. Ne2 f5 41. gxf5+ Bxf5 42. Kf3 g4+ 43. Kf2 Kg5 44. Ng3 Bd3 45. Bg7 Bc7 46.
Bc3 c5 47. Ne2 Bxe2 48. Kxe2 Kh4 49. Kf2 Kh3 50. Kg1 g3 51. e4 g2 52. Be1 Bh2+
53. Kf2 g1=Q+ 54. Ke2 Qg2+ 55. Kd3 Qf3+ 56. Kc2 Qxe4+ {Time forfeit} 0-1

[Event "Rated Blitz game"]
[Site "?"]
[Date "2021.04.28"]
[Round "?"]
[White "ArdianJashari"]
[Black "Jomajo"]
[Result "0-1"]
[WhiteElo "2531"]
[BlackElo "2653"]
[PlyCount "66"]
[EventDate "2021.??.??"]
[EventType "blitz"]

1. e4 e5 2. Nf3 d5 3. Nxe5 Bd6 4. d4 dxe4 5. Nc4 Nf6 6. c3 O-O 7. Bg5 h6 8. Bh4
Be7 9. Be2 Nd5 10. Bg3 f5 11. Be5 Nc6 12. Nbd2 Nxe5 13. Nxe5 Bf6 14. f4 Ne3 15.
Qb3+ Kh7 16. g3 c5 17. Kf2 cxd4 18. cxd4 Bxe5 19. dxe5 Ng4+ 20. Bxg4 Qxd2+ 21.
Be2 Qd4+ 22. Qe3 Qxb2 23. Rhb1 Qc2 24. Rc1 Qa4 25. Rc7 b6 26. Rd1 Be6 27. Rd6
Qxa2 28. Kg1 Rac8 29. Rxc8 Rxc8 30. g4 Rc2 31. Bf1 Qb1 32. gxf5 Rc1 33. Qe2 Bc4
{Normal} 0-1

[Event "Rated Blitz game"]
[Site "?"]
[Date "2021.04.28"]
[Round "?"]
[White "KoronaVirusMaster"]
[Black "Trompatzer"]
[Result "0-1"]
[WhiteElo "2432"]
[BlackElo "2390"]
[PlyCount "52"]
[EventDate "2021.??.??"]
[EventType "blitz"]

1. e4 e5 2. Nf3 d5 3. exd5 Bd6 4. d4 e4 5. Ne5 Nf6 6. c4 c5 7. Be3 Qe7 8. Qa4+
Kf8 9. Nc3 cxd4 10. Bxd4 Bxe5 11. Bxe5 Qxe5 12. Qb4+ Kg8 13. O-O-O Na6 14. Qa3
b6 15. Be2 Nc5 16. Rhe1 h6 17. g3 a5 18. f4 exf3 19. Bxf3 Qg5+ 20. Kb1 Qf5+ 21.
Ka1 Qxf3 22. Rf1 Qg2 23. b4 Nd3 24. Rg1 Qxh2 25. Rh1 Qxg3 26. Rxd3 Qxd3 {Normal
} 0-1

[Event "Rated Blitz game"]
[Site "?"]
[Date "2021.04.28"]
[Round "?"]
[White "board_guy"]
[Black "KinzyabulatovRenat"]
[Result "1-0"]
[WhiteElo "2451"]
[BlackElo "2366"]
[PlyCount "117"]
[EventDate "2021.??.??"]
[EventType "blitz"]

1. e4 e5 2. Nf3 d5 3. Nxe5 Bd6 4. d4 dxe4 5. Nc3 Bxe5 6. dxe5 Qxd1+ 7. Kxd1 Nc6
8. Nxe4 Nxe5 9. Bf4 Bg4+ 10. Ke1 Ng6 11. Bxc7 Rc8 12. Nd6+ Kd7 13. Nxc8 Kxc7
14. Nxa7 Nf6 15. Nb5+ Kb6 16. Nd4 Re8+ 17. Kd2 Ne4+ 18. Ke3 Ng3+ 19. Kd2 Nxh1
20. f3 Bd7 21. Bd3 Nf2 22. Bxg6 hxg6 23. Rf1 Nh3 24. gxh3 Bxh3 25. Re1 Rd8 26.
c3 g5 27. Re7 Be6 28. Kc2 Rh8 29. Nxe6 Rxh2+ 30. Kb3 fxe6 31. Rxe6+ Kc5 32. Rg6
Rg2 33. Rxg7 b6 34. a4 Rg3 35. f4 g4 36. f5 Rf3 37. Rxg4 Rxf5 38. Rb4 Kc6 39.
Rh4 Rg5 40. Kc4 Rf5 41. b4 Kb7 42. Rd4 Rf1 43. Rd5 Ka6 44. Rh5 Rf4+ 45. Kb3 Rg4
46. a5 bxa5 47. Rxa5+ Kb6 48. Rh5 Rf4 49. c4 Rf3+ 50. Ka4 Rf1 51. Rh6+ Kb7 52.
Kb5 Rf7 53. c5 Rg7 54. Rd6 Rf7 55. c6+ Kc7 56. Rd7+ Rxd7 57. cxd7 Kxd7 58. Kb6
Kc8 59. Ka7 {Normal} 1-0

[Event "Rated Blitz game"]
[Site "?"]
[Date "2021.04.28"]
[Round "?"]
[White "Den78"]
[Black "Jomajo"]
[Result "0-1"]
[WhiteElo "2499"]
[BlackElo "2622"]
[PlyCount "86"]
[EventDate "2021.??.??"]
[EventType "blitz"]

1. e4 e5 2. Nf3 d5 3. Nxe5 Bd6 4. d4 dxe4 5. Bc4 Bxe5 6. dxe5 Qxd1+ 7. Kxd1 Nc6
8. Bf4 Nge7 9. Bb5 Bg4+ 10. Kc1 O-O-O 11. Nc3 Ng6 12. Bxc6 bxc6 13. Bg3 Bf5 14.
Re1 Rhe8 15. f4 exf3 16. gxf3 h5 17. h4 Rd4 18. b3 Red8 19. Kb2 Nxh4 20. Ne2
Nxf3 21. Nxd4 Nxd4 22. c3 Nf3 23. Re2 h4 24. Rf1 hxg3 25. Rxf3 Bg4 26. Ree3
Bxf3 27. Rxf3 g6 28. Rxg3 Re8 29. Rg5 Kd7 30. c4 Ke6 31. Kc3 Rd8 32. Kb4 Rd2
33. Kc5 Rxa2 34. Kxc6 Rb2 35. Kxc7 Rxb3 36. c5 a5 37. c6 a4 38. Rg4 a3 39. Re4
a2 40. Ra4 Rb2 41. Kd8 Rd2+ 42. Ke8 Rc2 43. Kd8 Rxc6 {Normal} 0-1

[Event "Rated Blitz game"]
[Site "?"]
[Date "2021.04.28"]
[Round "?"]
[White "samidescalona2002"]
[Black "Jomajo"]
[Result "0-1"]
[WhiteElo "2527"]
[BlackElo "2666"]
[PlyCount "70"]
[EventDate "2021.??.??"]
[EventType "blitz"]

1. e4 e5 2. Nf3 d5 3. Nxe5 Bd6 4. d4 dxe4 5. Bc4 Bxe5 6. Qh5 Qe7 7. Qxe5 Qxe5
8. dxe5 Nc6 9. Bf4 Nge7 10. Nc3 Bf5 11. O-O-O Ng6 12. Bg3 Ncxe5 13. Bd5 O-O-O
14. Bxe4 Bxe4 15. Nxe4 f6 16. f3 b6 17. b3 h5 18. h3 h4 19. Bh2 Rhe8 20. Rxd8+
Rxd8 21. Rd1 Re8 22. Kb2 a5 23. a4 Nc6 24. Rd2 Nce7 25. Re2 Nf5 26. Rd2 Ne3 27.
Re2 Nf5 28. Kc3 Nge7 29. Kd2 Rd8+ 30. Ke1 Nd5 31. Kf2 Nb4 32. c3 Nd3+ 33. Kf1
Nc1 34. Rb2 Rd1+ 35. Kf2 Nd3+ {Normal} 0-1

[Event "Rated Blitz game"]
[Site "?"]
[Date "2021.04.28"]
[Round "?"]
[White "yottoVVV"]
[Black "magos33"]
[Result "1-0"]
[WhiteElo "2439"]
[BlackElo "2347"]
[PlyCount "105"]
[EventDate "2021.??.??"]
[EventType "blitz"]

1. e4 e5 2. Nf3 d5 3. Nxe5 Bd6 4. d4 dxe4 5. Nc4 Nf6 6. Bg5 Be7 7. Nc3 Bf5 8.
Ne3 Bg6 9. h4 h6 10. Bf4 Nbd7 11. Be2 Nb6 12. h5 Bh7 13. Be5 c6 14. Qd2 O-O 15.
O-O-O Nbd5 16. Ncxd5 Nxd5 17. Kb1 Bg5 18. c4 Nxe3 19. fxe3 Re8 20. Rhf1 a5 21.
Bf4 a4 22. Rf2 a3 23. b3 Qe7 24. Rdf1 Rf8 25. c5 Bxf4 26. Rxf4 Kh8 27. Bc4 f5
28. Qf2 Qg5 29. g4 Rf6 30. gxf5 Qxh5 31. Be6 Raf8 32. Qg2 Bxf5 33. Bxf5 Rxf5
34. Qxe4 Rxf4 35. exf4 Qh2 36. Qc2 Qxc2+ 37. Kxc2 g5 38. f5 Kg7 39. Kd3 h5 40.
d5 cxd5 41. Kd4 Kf6 42. Kxd5 h4 43. b4 h3 44. Re1 Rd8+ 45. Kc4 g4 46. b5 g3 47.
Re6+ Kxf5 48. Rh6 g2 49. Rh5+ Kg4 50. Rh7 Rg8 51. Rg7+ Rxg7 52. Kd5 g1=Q 53. c6
{Time forfeit} 1-0

[Event "Rated Blitz game"]
[Site "?"]
[Date "2021.04.28"]
[Round "?"]
[White "MissMariposa"]
[Black "KinzyabulatovRenat"]
[Result "1-0"]
[WhiteElo "2414"]
[BlackElo "2362"]
[PlyCount "63"]
[EventDate "2021.??.??"]
[EventType "blitz"]

1. e4 e5 2. Nf3 d5 3. exd5 e4 4. Qe2 Nf6 5. Nc3 Be7 6. Nxe4 O-O 7. Nxf6+ Bxf6
8. d4 Re8 9. Be3 Bg4 10. O-O-O Qxd5 11. Qb5 Qxb5 12. Bxb5 c6 13. Bc4 Bxf3 14.
gxf3 Nd7 15. Bb3 a5 16. a4 Be7 17. d5 Nc5 18. d6 Nxb3+ 19. cxb3 Bd8 20. d7 Re6
21. Rhe1 b6 22. Bf4 Kf8 23. Bd6+ Kg8 24. Bg3 Kf8 25. Bd6+ Kg8 26. f4 Ra7 27. f5
Rxe1 28. Rxe1 Bg5+ 29. Kb1 g6 30. Re8+ Kg7 31. Bf8+ Kg8 32. Bh6# {Normal} 1-0

[Event "Rated Blitz game"]
[Site "?"]
[Date "2021.04.28"]
[Round "?"]
[White "Jermov"]
[Black "annaly1979"]
[Result "1-0"]
[WhiteElo "2541"]
[BlackElo "2452"]
[PlyCount "63"]
[EventDate "2021.??.??"]
[EventType "blitz"]

1. e4 e5 2. Nf3 d5 3. exd5 e4 4. Qe2 f5 5. d3 Nf6 6. Nbd2 Be7 7. dxe4 fxe4 8.
Nxe4 Nxe4 9. Qxe4 O-O 10. Bd3 Bf5 11. Qc4 Bxd3 12. Qxd3 Bd6 13. Be3 Nd7 14.
O-O-O b5 15. Kb1 a5 16. Nd4 Nc5 17. Qe2 a4 18. Nc6 Qe8 19. Rhe1 Nd7 20. Qxb5 a3
21. b3 Qh5 22. Qe2 Qg6 23. Bd4 Rae8 24. Qf1 Nf6 25. Be5 Ng4 26. Bxd6 cxd6 27.
Rxe8 Rxe8 28. Re1 Rxe1+ 29. Qxe1 Qf7 30. f3 Nf6 31. Qe6 Nxd5 32. Qxd5 {Normal}
1-0

[Event "Rated Blitz tournament dl22yhls"]
[Site "?"]
[Date "2021.04.28"]
[Round "?"]
[White "FREDERICKtheMATE"]
[Black "Grimlock_Glasgow"]
[Result "1-0"]
[WhiteElo "2398"]
[BlackElo "2547"]
[PlyCount "81"]
[EventDate "2021.??.??"]
[EventType "blitz"]

1. e4 e5 2. Nf3 d5 3. exd5 Bd6 4. d4 e4 5. Ne5 Nf6 6. Bg5 Nbd7 7. Nxd7 Bxd7 8.
Nc3 O-O 9. Be2 Re8 10. O-O h6 11. Bh4 a6 12. a3 Bf5 13. Qd2 g5 14. Bg3 Bg6 15.
Bc4 Qd7 16. Rae1 Re7 17. Re2 Rae8 18. Rfe1 b5 19. Bb3 Bxg3 20. hxg3 Ng4 21. Qc1
e3 22. f3 f5 23. fxg4 f4 24. gxf4 gxf4 25. Rf1 Qxg4 26. d6+ Rf7 27. Bxf7+ Bxf7
28. d7 Rd8 29. Rf3 Rxd7 30. Qf1 Rxd4 31. Re1 Bc4 32. Ne2 Bxe2 33. Rxe2 Re4 34.
Re1 c5 35. Qd3 Rd4 36. Qf1 Kg7 37. Rd1 Qd7 38. Rxd4 Qxd4 39. Qd3 e2+ 40. Qxd4+
cxd4 41. Kf2 {Normal} 1-0

[Event "Rated Blitz game"]
[Site "?"]
[Date "2021.04.28"]
[Round "?"]
[White "Den78"]
[Black "Jomajo"]
[Result "0-1"]
[WhiteElo "2507"]
[BlackElo "2614"]
[PlyCount "43"]
[EventDate "2021.??.??"]
[EventType "blitz"]

1. e4 e5 2. Nf3 d5 3. exd5 e4 4. Qe2 Qe7 5. Nd4 Nf6 6. Nc3 Qe5 7. Ndb5 a6 8. d4
Qe7 9. Na3 b5 10. Bg5 Nbd7 11. d6 Qe6 12. Nab1 b4 13. Na4 Bxd6 14. Nd2 O-O 15.
Qc4 Qf5 16. Be3 Ng4 17. Be2 Nxe3 18. fxe3 Nf6 19. Nc5 Qg5 20. Ndxe4 Nxe4 21.
Nxe4 Qxg2 22. Qd5 {Normal} 0-1